00758 2200253 4500001002100000005001500021035002000036007000300056008004100059020001800100100003200118245006600150250001200216300004200228264004100270336002100311337003000332338002300362082001100385084001700396650003800413650004000451990001300491INLIS00000000112140920241106094132 a0010-1024000241ta241106 0 ind a97862372543930 aFloriberta AningePengarang1 aLahirnya Pancasila Kumpulan Pidato BPUPKI /cFloriberta Aning aEdisi 1 avi, 154 halaman :bilustrasi ;c19 cm aYogyakarta :bMedia Pressindo,c2019 2rdacontentaTeks 2rdamediaaTanpa Perantara 2rdacarrieraVolume a808,51 a808,51 FLO l 4a1. Pidato - kumpulan 2. Pancasila 4a1. Speech - collection 2. Pancasila a24/00354